Statistics for Top 15 Celebrities Born In 1968

Click here to take the quiz!

General Stats

  • This quiz has been taken 113 times
    (77 since last reset)
  • The average score is 7 of 15

Answer Stats

Answer% Correct
Will Smith
98%
Owen Wilson
84%
Daniel Craig
77%
Hugh Jackman
72%
Terry Crews
56%
Lucy Liu
51%
Celine Dion
49%
Brendan Fraser
44%
Josh Brolin
41%
Guy Fieri
38%
Kylie Minogue
34%
Molly Ringwald
30%
Kristin Chenoweth
21%
Lisa Marie Presley
21%
Marc D'Amelio
7%

Score Distribution

Percentile by Number Answered

Percent of People with Each Score

Your Score History

You have not taken this quiz since the last reset